书目信息 |
| 题名: |
数据结构
|
|
| 作者: | 陆应华 | |
| 分册: | ||
| 出版信息: | 北京 现代出版社 2000 |
|
| 页数: | 197页 | |
| 开本: | 26cm | |
| 丛书名: | ||
| 单 册: | ||
| 中图分类: | TP311.12-43 | |
| 科图分类: | ||
| 主题词: | 软件 | |
| 电子资源: | ||
| ISBN: | 7-80028-603-7 | |
| 000 | 00643nam0 2200229 450 | |
| 001 | 0636034346 | |
| 005 | 20060929100257.54 | |
| 010 | @a7-80028-603-7@dCNY16.00 | |
| 100 | @a20060929d2000 km y0chiy0120 ea | |
| 101 | 0 | @achi |
| 102 | @aCN@b110000 | |
| 102 | @aCN@b110000 | |
| 200 | 1 | @a数据结构@Ashu ju jie gou@f陆应华@Flu ying hua |
| 210 | @a北京@c现代出版社@d2000 | |
| 210 | @a北京@c现代出版社 | |
| 215 | @a197页@d26cm | |
| 300 | @a高等教育自学考试指定教材同步配套题解(计算机及其应用专业) | |
| 606 | 0 | @a软件 |
| 690 | @aTP311.12-43@v3 | |
| 701 | 0 | @a陆应华@Alu ying hua |
| 801 | 0 | @aCN@bPFT@c20060929 |
| 905 | @a10447@dTP311.12-43@e161 | |
| 数据结构/陆应华.-北京:现代出版社,2000.-北京:现代出版社 |
| 197页;26cm |
| 高等教育自学考试指定教材同步配套题解(计算机及其应用专业) |
| ISBN 7-80028-603-7:CNY16.00 |
| ● |
| 相关链接 |
|
|
|
|
正题名:数据结构
索取号:TP311.12-43/161
 
预约/预借
| 序号 | 登录号 | 条形码 | 馆藏地/架位号 | 状态 | 备注 |
| 1 | 0483967 | 204839675 | 密集书库/ [索取号:TP311.12-43/161] | 在馆 |